000 00902nac a22002897a 4500
001 BR9700331
003 BR-BrBNA
005 20240105121904.0
008 230509b bl.|||m| |||| 00| 0 por d
040 _aBR-BrBNA
_bpor
_cBiblioteca Nacional de Agricultura
072 _aH20
090 _a0710 BR9700331
100 1 _aValdebenito-Sanhuera, R.M.
100 1 _aHerter, F.
100 1 _aBernardi, J.
110 1 _aCentro Nacional de Pesquisa de Uva e Vinho, Bento Goncalves, RS (Brasil)
245 1 _aFogo bacteriano das pomaceas
260 3 _aBento Goncalves, RS (Brasil):
_c1996.
300 _a14 p.
490 _aCircular Tecnica - Centro Nacional de Pesquisa de Uva e Vinho (Brazil)
_vno. 21
_xISSN 0100-6835
500 _a5 illus.
650 _aPera
650 _aFogo Bacteriano
650 _aBacteria
909 _a202312
_bLúcia Elande
_c55
_dLúcia Elande
942 _2AGRIS
_n0
_cMS
999 _c288057
_d288057